000 00505nam a2200181Ia 4500
005 20250508162719.0
008 008 250505s9999 xx 000 0 eng d
037 _aTextual
040 _aFEDL
_beng
_cFEDL
041 _aeng
_2eng
084 _a954, IND
_qFEDL
245 0 _aIndia art and architecture in ancient and medieval periods
245 0 _cMinistry of Information and Broadcasting
260 _c1988
300 _a123p.
942 _cTEXL
_h954, IND
999 _c1378243
_d1378243